000 00724nam a2200229 i 4500
001 167584
003 ES-MaACL
005 20240425063225.0
008 210817s1974 sp |||| | spa d
020 _a84-7232-222-X
080 _a821.134.2-14"19"
100 0 _aQuiñones, Fernando,
_d1930-1998
_994750
245 1 0 _aEn vida /
_cFernando Quiñones.
250 _a2ª ed. rev.
260 _aMadrid :
_bCultura Hispánica,
_c1974.
300 _a83 p. ;
_c20 cm.
490 1 _aColección poética "Leopoldo Panero" ;
_v0
586 _aPremio de poesía "Leopoldo Panero", 1963
830 1 _aColección poética "Leopoldo Panero" ;
_v0
_9182594
852 _aES-MaACL
_jP-2 Nº 0
999 _c167584
_d167584